000 00623nam a2200181Ia 4500
005 20250923145126.0
008 008 250917s9999 xx 000 0 eng d
037 _aTextual
040 _aDSWL
_beng
_cDSWL
041 _aeng
_2eng
084 _aX31:9.251'N67t4, N68
_qDSWL
100 _aDharam, Pal
_9832020
245 0 _aWork and living condition of posts and telegraphs workers at parliament street head post office New Delhi
_cby Pal Dharam
260 _aDelhi
_bSchool of Social Work
_c1968
300 _a87 p.
942 _cTEXL
_hX31:9.251'N67t4, N68
999 _c1447463
_d1447463